Slovenské vojsko

Dvojtýždenník, ktorý mal popularizovať armádu medzi mládežou a civilným obyvateľstvom. Uverejňoval články o praktických otázkach a potrebách vojska. Mal aj zábavné a poučné rubriky

Bibliographic Details
New Title:Stráž vlasti
Corporate Authors: Štátne nakladateľstvo (Bratislava, Slovensko), Tlačový podnik Andrej, úč. spol. (Bratislava, Slovensko), Slovenská grafia, úč. spol. (Bratislava, Slovensko)
Other Authors: Mládek, B. (Publishing director), Vačko, A. (Publishing director), Janeček, Eugen (Publishing director), Doranský, Ján (Publishing director), Lavotha, Ladislav (Publishing director)
Format: Journal
Language:Slovak
PhysicalDescription:4 roč. 34 x 25 cm
Published: Bratislava Štátne nakladateľstvo 1940-1943
Subjects:

MARC

LEADER 00000nas a22000001a 4500
001 vtls010300446
003 SK-MaSNL
005 20260228163346.0
008 110810d19401943xo sr p r 0 b0slo
040 |a SNK  |b slo  |c SNK  |e AACR2 
041 0 |a slo 
044 |a xo  |c SK 
072 7 |a 355/359  |x Vojenstvo. Obrana krajiny. Ozbrojené sily  |2 konspekt 
080 |a 355.3  |2 2011 
080 |a 355.586  |2 2011 
245 0 0 |a Slovenské vojsko 
260 |a Bratislava  |b Štátne nakladateľstvo  |c 1940-1943 
300 |a 4 roč.  |c 34 x 25 cm 
310 |a 2x mesačne 
362 0 |a Roč. I, č. 1 (1.1.1940)-roč. IV, č. 24 (1943) 
500 |a Vych. v Bratislave 1. a 15. každého mesiaca (do konca III. roč.); dva razy mesačne (IV. roč.) 
500 |a Zodp. red. B. Mládek [do 12/II (15. 6. 1941)]; A. Vaško (od 13/II (1. 7. 1941) - do konca II. roč.); Eugen Janeček [od zač. III. roč. - do 17-18/III (15. 9. 1942)]; Ján Doranský [od 19/III (15. 10. 1942) - do konca III. roč.); Ladislav Lavotha (IV. roč.). Red. Fero Korček (IV. roč.) 
500 |a Maj. Ministerstvo národnej obrany. Vydavateľ Štátne nakladateľstvo 
500 |a Tlač. Kníhtlač. Andreja (do konca III. roč.); Slov. Grafia (IV. roč.) 
500 |a Vych. od 1.1.1940. Bol vzatý do evidencie výmerom Prez. Polic. riadit. v Bratislave čís. 9354/1939-prez. z 31. 8. 1939. Vychádzal v náklade 15.000 exemplárov. Mal prílohu Obzor Slovenského vojska a priebežne stránkovanú Prílohu Slovenského vojska, venovanú Pracovnému sboru pod titulom Pracovný sbor MNO. (roč. I. 1942, 24 čís. vych. od 1. 1. 1942 do 15. 12. 1942) 
520 |a Dvojtýždenník, ktorý mal popularizovať armádu medzi mládežou a civilným obyvateľstvom. Uverejňoval články o praktických otázkach a potrebách vojska. Mal aj zábavné a poučné rubriky 
580 |a Po zrušení ho nahradil týždenník Stráž vlasti 
650 0 7 |a armáda  |2 SNKPH  |9 1643 
650 0 7 |a vojenstvo  |2 SNKPH  |9 22591 
650 0 7 |a branná výchova  |2 SNKPH  |9 71875 
655 7 |a vojenské časopisy  |9 265114 
655 7 |a branné časopisy  |9 269308 
700 1 |a Mládek, B.  |4 pbd  |9 273773 
700 1 |a Vačko, A.  |4 pbd  |9 273774 
700 1 |a Janeček, Eugen  |4 pbd  |9 273775 
700 1 |a Doranský, Ján  |4 pbd  |9 269398 
700 1 |a Lavotha, Ladislav  |4 pbd  |9 269400 
700 1 |a Korček-Rudin, František,  |d 1912-1947  |4 red  |9 80864 
710 2 |a Štátne nakladateľstvo (Bratislava, Slovensko)  |9 188044 
710 2 |a Tlačový podnik Andrej, úč. spol. (Bratislava, Slovensko)  |9 269370 
710 2 |a Slovenská grafia, úč. spol. (Bratislava, Slovensko)  |9 265810 
770 0 |t Obzor Slovenského vojska  |w vtls001307726 
785 0 2 |t Stráž vlasti  |w vtls001306655 
910 |a snk 
999 |c 9299  |d 11229 
952 |0 0  |1 0  |4 0  |7 0  |8 5  |a SNK  |b SNK  |d 1997-07-07  |f 1  |i snkČSF 416/57  |l 0  |o snkČSB 283/4/1943 D1  |p 17A0075614  |r 2005-01-02 00:00:00  |t č. 1-24  |w 2026-02-21  |y PREZ 
952 |0 0  |1 0  |4 0  |7 0  |8 11  |a SNK  |b SNK  |d 1997-07-07  |f 1  |l 0  |o snkČSB 283/2/1941 D1  |p 17A0079355  |r 2005-01-02 00:00:00  |t č. 1-24  |w 2026-02-21  |y PREZ 
952 |0 0  |1 0  |4 0  |7 0  |8 1  |a SNK  |b SNK  |d 2019-09-12  |f 1  |i snkVI. 2797/55  |l 0  |o snkČSB 283/1/1940 D1  |p 17A0051120  |r 2026-02-21 21:52:07  |t č. 1-24  |w 2026-02-21  |y PREZ